[Event "Canadian op"]
[Site "Calgary"]
[Date "2023.07.27"]
[Round "7"]
[White "Moses, Neil"]
[Black "Srinivasan, Hemant"]
[Result "1-0"]
[WhiteElo "1747"]
[BlackElo "1988"]
[PlyCount "77"]
[EventDate "2023.07.22"]
[EventType "swiss"]
[EventRounds "10"]
[EventCountry "CAN"]
[SourceTitle "EXT 2024"]
[Source "ChessBase"]
[SourceDate "2023.10.10"]
[SourceVersion "1"]
[SourceVersionDate "2023.10.10"]
[SourceQuality "1"]

1. e4 c6 2. d4 d5 3. e5 c5 4. dxc5 e6 5. Be3 Nd7 6. Bb5 Ne7 7. Bd4 Qa5+ 8. Nc3 Nc6 9. Rb1 Qc7 10. Bxc6 bxc6 11. Qg4 h5 12. Qg5 Ba6 13. b4 g6 14. Qe3 Bg7 15. f4 g5 16. g3 h4 17. Nf3 hxg3 18. Nxg5 g2 19. Rg1 Bf1 20. Qg3 Bh6 21. a4 Ke7 22. Nd1 Raf8 23. Ne3 a5 24. Nxf1 gxf1Q+ 25. Rxf1 axb4 26. Qh4 Bxg5 27. Qxg5+ Ke8 28. f5 Rfg8 29. Qf4 Qa5 30. fxe6 fxe6 31. Qf7+ Kd8 32. Qxe6 b3+ 33. c3 Qxa4 34. Rf7 Qa7 35. Qe7+ Kc8 36. e6 Re8 37. Qd6 Rh6 38. Re7 Rxe7 39. Qxe7 1-0